000 00266nam a22001217a 4500
008 170623b xxu||||| |||| 00| 0 eng d
041 _aeng
080 _a327
100 _a21
101 _aSHP
245 _aPOLITIK\A DHE DEMOKRACIA
_cMELLBYE.A
942 _2udc
_cBK
999 _c19019
_d19019